[Event "St Petersburg Blitz"]
[Site "St Petersburg"]
[Date "2021.12.12"]
[Round "11"]
[White "Alekseev, Evgeny V"]
[Black "Yevseev, Denis"]
[Result "1-0"]
[WhiteElo "2589"]
[BlackElo "2474"]
[PlyCount "33"]
[EventDate "2021.12.12"]
[EventType "tourn (blitz)"]
[EventRounds "21"]
[EventCountry "RUS"]
[EventCategory "11"]
[SourceTitle "CBM 205 Extra"]
[Source "ChessBase"]
[SourceDate "2022.01.31"]
[SourceVersion "1"]
[SourceVersionDate "2022.01.31"]
[SourceQuality "1"]

1. Nf3 Nf6 2. c4 e6 3. Nc3 d5 4. e3 Be7 5. b3 0-0 6. Bb2 c5 7. cxd5 Nxd5 8. Qc2 Nc6 9. h4 Nf6 10. a3 b6 11. Ng5 Bb7 12. Nce4 g6 13. h5 Nxe4 14. hxg6 fxg6 15. Qxe4 Bxg5 16. Qxe6+ Rf7 17. Rxh7 1-0

[Event "St Petersburg Blitz"]
[Site "St Petersburg"]
[Date "2021.12.12"]
[Round "15"]
[White "Bazeev, German"]
[Black "Yevseev, Denis"]
[Result "1-0"]
[WhiteElo "2399"]
[BlackElo "2474"]
[PlyCount "51"]
[EventDate "2021.12.12"]
[EventType "tourn (blitz)"]
[EventRounds "21"]
[EventCountry "RUS"]
[EventCategory "11"]
[SourceTitle "CBM 205 Extra"]
[Source "ChessBase"]
[SourceDate "2022.01.31"]
[SourceVersion "1"]
[SourceVersionDate "2022.01.31"]
[SourceQuality "1"]

1. d4 d5 2. Nf3 Nf6 3. c4 c6 4. Qc2 g6 5. Bf4 Bg7 6. cxd5 Nxd5 7. Bg3 0-0 8. e3 Nd7 9. Nc3 Nxc3 10. bxc3 c5 11. Bd3 cxd4 12. cxd4 e5 13. 0-0 exd4 14. Nxd4 Nf6 15. Rfd1 Qe7 16. Nb5 Bd7 17. Bd6 Qe6 18. Bxf8 Bxb5 19. Bxg7 Bxd3 20. Qxd3 Kxg7 21. Qb3 Qe7 22. Rac1 Re8 23. Qa4 b6 24. Qd4 Qe6 25. a4 Re7 26. Qd6 1-0

[Event "St Petersburg Blitz"]
[Site "St Petersburg"]
[Date "2021.12.12"]
[Round "8"]
[White "Yevseev, Denis"]
[Black "Lintchevski, Daniil"]
[Result "0-1"]
[WhiteElo "2474"]
[BlackElo "2570"]
[PlyCount "98"]
[EventDate "2021.12.12"]
[EventType "tourn (blitz)"]
[EventRounds "21"]
[EventCountry "RUS"]
[EventCategory "11"]
[SourceTitle "CBM 205 Extra"]
[Source "ChessBase"]
[SourceDate "2022.01.31"]
[SourceVersion "1"]
[SourceVersionDate "2022.01.31"]
[SourceQuality "1"]

1. Nf3 Nf6 2. c4 e6 3. g3 d5 4. d4 dxc4 5. Bg2 c5 6. 0-0 Nc6 7. Qa4 Bd7 8. Qxc4 cxd4 9. Nxd4 Rc8 10. Nc3 Be7 11. Rd1 Qb6 12. Be3 Nxd4 13. Qxd4 Bc5 14. Qf4 Bxe3 15. Qxe3 Qxe3 16. fxe3 Bc6 17. Rd4 Ke7 18. Rad1 Rhd8 19. Rxd8 Rxd8 20. Rxd8 Kxd8 21. Bxc6 bxc6 22. Kg2 Ng4 23. e4 Kd7 24. h3 Ne5 25. Kf2 Kd6 26. b3 Kc5 27. Ke3 Kb4 28. Kd2 c5 29. Kc2 c4 30. Kb2 cxb3 31. axb3 Nc6 32. Na2+ Kc5 33. Kc3 a5 34. Nc1 e5 35. Nd3+ Kb5 36. e3 f6 37. g4 Nd8 38. h4 Ne6 39. Nf2 Nc5 40. g5 fxg5 41. hxg5 h5 42. gxh6 gxh6 43. Ng4 h5 44. Nxe5 Nxe4+ 45. Kd4 Ng5 46. Nd3 h4 47. e4 h3 48. e5 h2 49. Nf2 Kb4 0-1

[Event "Suwalki Warakomska Memorial-A op"]
[Site "Suwalki"]
[Date "2018.08.02"]
[Round "2"]
[White "Sliwicki, Damian"]
[Black "Yevseev, Denis"]
[Result "1-0"]
[WhiteElo "2193"]
[BlackElo "2513"]
[PlyCount "187"]
[EventDate "2018.08.01"]
[EventType "swiss"]
[EventRounds "9"]
[EventCountry "POL"]
[SourceTitle "CBM 185 Extra"]
[Source "ChessBase"]
[SourceDate "2018.07.29"]
[SourceVersion "1"]
[SourceVersionDate "2018.07.29"]
[SourceQuality "1"]

1. e4 c6 2. Nc3 d5 3. Nf3 Bg4 4. h3 Bxf3 5. Qxf3 e6 6. d3 Nd7 7. Qg3 g6 8. Be2 Bg7 9. 0-0 Ne7 10. Qh4 0-0 11. Bg5 f6 12. Bh6 Bxh6 13. Qxh6 f5 14. Rae1 Qb6 15. Nd1 Rae8 16. exd5 exd5 17. h4 Qd4 18. c3 Qf6 19. f4 Nc8 20. Qg5 Nd6 21. Qxf6 Rxf6 22. Bf3 Rfe6 23. Kf2 Nc5 24. Rxe6 Rxe6 25. Be2 a5 26. Re1 a4 27. Bf1 a3 28. bxa3 Kf7 29. Rxe6 Nxe6 30. g3 d4 31. c4 Nc5 32. Ke2 Ne8 33. Nf2 Nf6 34. Nh3 Ke7 35. Ng5 Na4 36. Kf2 c5 37. Bh3 Nc3 38. h5 Nxh5 39. Nxh7 Nxa2 40. Bf1 Nc3 41. Ng5 b6 42. Bh3 Nd1+ 43. Kf3 Nf6 44. Ke2 Ne3 45. Nf3 Nd7 46. Kd2 Kf6 47. Kc1 Nf8 48. Kd2 Ne6 49. Ne1 g5 50. fxg5+ Nxg5 51. Bg2 Ne6 52. Bh3 Ng7 53. Ke2 Nh5 54. Kf3 Ke5 55. Ng2 Nxg2 56. Bxg2 Ng7 57. g4 fxg4+ 58. Kxg4 Ne6 59. Be4 Nf4 60. Kf3 Nh3 61. Bc6 Ng5+ 62. Kg4 Nf7 63. Be8 Nh6+ 64. Kf3 Nf5 65. Bc6 Ne3 66. Ba4 Nf5 67. Bd7 Nh4+ 68. Kg3 Ng6 69. Bc6 Nf4 70. Be4 Ne2+ 71. Kf3 Nc3 72. Bc6 Nb1 73. a4 Nc3 74. Be8 Na2 75. Bg6 Nb4 76. Be4 Nc2 77. Bc6 Ne3 78. Be4 Kd6 79. Bg6 Kd7 80. Ke2 Ke7 81. Be4 Kd6 82. Bg6 Ke5 83. Kf3 Nd1 84. Be8 Nb2 85. Ke2 Kf4 86. Bd7 Kg3 87. Kd2 Kf2 88. Bc6 Kf1 89. Be8 Kf2 90. Kc2 Ke3 91. Kxb2 Kxd3 92. Kb3 Kd2 93. Bg6 d3 94. Bf5 1-0

[Event "Krakow op-A 28th"]
[Site "Krakow"]
[Date "2018.01.02"]
[Round "7"]
[White "Yevseev, Denis"]
[Black "Krasnokutskaya, Sofiya"]
[Result "1/2-1/2"]
[WhiteElo "2514"]
[BlackElo "2255"]
[PlyCount "92"]
[EventDate "2017.12.27"]
[EventType "swiss"]
[EventRounds "9"]
[EventCountry "POL"]
[SourceTitle "CBM 182 Extra"]
[Source "ChessBase"]
[SourceDate "2018.02.23"]
[SourceVersion "1"]
[SourceVersionDate "2018.02.23"]
[SourceQuality "1"]

1. g3 Nf6 2. Bg2 c5 3. c4 Nc6 4. Nc3 g6 5. Nf3 Bg7 6. 0-0 d6 7. d4 cxd4 8. Nxd4 Bd7 9. Nxc6 Bxc6 10. e4 0-0 11. Be3 Bd7 12. Rc1 Ng4 13. Bd2 Ne5 14. b3 Nd3 15. Rb1 Rc8 16. Qe2 Nc5 17. Rfc1 a6 18. Be3 Bc6 19. f3 Re8 20. Rc2 b6 21. Rd1 Qc7 22. Qf2 Qb7 23. Nd5 a5 24. h4 h6 25. Kh2 Kh7 26. Bd4 Bxd4 27. Rxd4 b5 28. cxb5 Bxb5 29. Rdd2 Nd3 30. Qe3 Ne5 31. Qb6 Qxb6 32. Nxb6 Rxc2 33. Rxc2 Rb8 34. Nd5 e6 35. Ne3 Kg7 36. f4 Nc6 37. Rd2 Rd8 38. Kg1 Kf6 39. Kf2 Ke7 40. Bf1 Bxf1 41. Kxf1 f5 42. Rc2 Kd7 43. Rc4 fxe4 44. Rxe4 d5 45. Ra4 Kd6 46. Ke2 h5 1/2-1/2

[Event "Krakow op-A 28th"]
[Site "Krakow"]
[Date "2017.12.28"]
[Round "2"]
[White "Ratsma, Rosa"]
[Black "Yevseev, Denis"]
[Result "1/2-1/2"]
[WhiteElo "2295"]
[BlackElo "2514"]
[PlyCount "65"]
[EventDate "2017.12.27"]
[EventType "swiss"]
[EventRounds "9"]
[EventCountry "POL"]
[SourceTitle "CBM 182 Extra"]
[Source "ChessBase"]
[SourceDate "2018.02.23"]
[SourceVersion "1"]
[SourceVersionDate "2018.02.23"]
[SourceQuality "1"]

1. e4 c6 2. Nc3 d5 3. Nf3 Bg4 4. h3 Bxf3 5. Qxf3 e6 6. Be2 Nf6 7. 0-0 Bc5 8. Rd1 Bd4 9. exd5 cxd5 10. Bb5+ Nc6 11. Ne2 Bb6 12. d4 Ne4 13. Ng3 f5 14. Nxe4 dxe4 15. Qh5+ g6 16. Qh6 Kf7 17. Bxc6 bxc6 18. Bf4 Qf8 19. Qh4 Qe7 20. Qg3 Rac8 21. Rd2 Bc7 22. Be5 Rhd8 23. Rad1 Rd7 24. c4 Rcd8 25. Qc3 Bxe5 26. dxe5 Rxd2 27. Rxd2 Rxd2 28. Qxd2 Qc7 29. c5 Qxe5 30. Qd7+ Kf6 31. Qd8+ Kf7 32. Qd7+ Kf6 33. Qd8+ 1/2-1/2

[Event "St Petersburg rapid"]
[Site "St Petersburg"]
[Date "2017.08.27"]
[Round "7"]
[White "Yevseev, Denis"]
[Black "Lysyj, Igor"]
[Result "0-1"]
[WhiteElo "2514"]
[BlackElo "2618"]
[PlyCount "40"]
[EventDate "2017.08.26"]
[EventType "swiss (rapid)"]
[EventRounds "11"]
[EventCountry "RUS"]
[SourceTitle "CBM 180 Extra"]
[Source "ChessBase"]
[SourceDate "2017.10.06"]
[SourceVersion "1"]
[SourceVersionDate "2017.10.06"]
[SourceQuality "1"]

1. Nf3 d5 2. d4 Nf6 3. c4 e6 4. g3 Be7 5. Bg2 0-0 6. 0-0 Nbd7 7. Qc2 c6 8. Rd1 b6 9. b3 Bb7 10. Nc3 Ba6 11. Bb2 dxc4 12. bxc4 Bxc4 13. Nd2 Ba6 14. Bxc6 Rc8 15. Qa4 Nb8 16. Bf3 b5 17. Qb3 Nc6 18. Nxb5 Na5 19. Qd3 Bxb5 20. Qxb5 Rb8 0-1

[Event "St Petersburg rapid"]
[Site "St Petersburg"]
[Date "2017.08.26"]
[Round "4"]
[White "Alekseev, Evgeny V"]
[Black "Yevseev, Denis"]
[Result "1-0"]
[WhiteElo "2614"]
[BlackElo "2514"]
[PlyCount "51"]
[EventDate "2017.08.26"]
[EventType "swiss (rapid)"]
[EventRounds "11"]
[EventCountry "RUS"]
[SourceTitle "CBM 180 Extra"]
[Source "ChessBase"]
[SourceDate "2017.10.06"]
[SourceVersion "1"]
[SourceVersionDate "2017.10.06"]
[SourceQuality "1"]

1. d4 d5 2. Bf4 Nf6 3. e3 Bf5 4. c4 Bxb1 5. Rxb1 e6 6. Qb3 Nbd7 7. Nf3 Bd6 8. Bg5 c5 9. Bxf6 Nxf6 10. cxd5 Qa5+ 11. Qc3 Qxc3+ 12. bxc3 Nxd5 13. Kd2 0-0-0 14. Bd3 Rhe8 15. Rhc1 h6 16. Ke2 e5 17. Be4 Nb6 18. dxc5 Bxc5 19. Rb5 Ba3 20. Rc2 Kb8 21. c4 g6 22. g4 Rc8 23. c5 f5 24. gxf5 gxf5 25. Bxf5 e4 26. Nd4 1-0

[Event "Baku Jafarov Memorial"]
[Site "Baku"]
[Date "2017.01.05"]
[Round "3.1"]
[White "Shahaliyev, Ismayil Bahram"]
[Black "Yevseev, Denis"]
[Result "1/2-1/2"]
[WhiteElo "2377"]
[BlackElo "2525"]
[PlyCount "128"]
[EventDate "2017.01.04"]
[EventType "team-schev"]
[EventRounds "9"]
[EventCountry "AZE"]
[SourceTitle "CBM 176 Extra"]
[Source "ChessBase"]
[SourceDate "2017.03.02"]
[SourceVersion "1"]
[SourceVersionDate "2017.03.02"]
[SourceQuality "1"]
[WhiteTeam "Balion"]
[BlackTeam "Experts"]
[WhiteTeamCountry "AZE"]
[BlackTeamCountry "AZE"]

1. e4 c6 2. Nf3 d5 3. exd5 cxd5 4. Ne5 Nc6 5. d4 e6 6. Bb5 Qc7 7. c4 Bd6 8. 0-0 Nge7 9. Nc3 0-0 10. Nf3 dxc4 11. Bxc4 Rd8 12. Nb5 Qd7 13. Qe2 a6 14. Nxd6 Qxd6 15. Bg5 Bd7 16. Qe4 h6 17. Bh4 Re8 18. Rad1 Nf5 19. d5 exd5 20. Qxd5 Qxd5 21. Bxd5 Be6 22. Bxe6 Rxe6 23. Rd2 Rae8 24. Bg3 Re2 25. Rfd1 Rxd2 26. Rxd2 Ncd4 27. Kf1 Nxf3 28. gxf3 h5 29. Rd5 g6 30. Bf4 f6 31. Rd7 Re7 32. Rd8+ Kf7 33. Bd2 Nh4 34. Rd3 Ke8 35. Bc3 Re6 36. f4 Nf5 37. Kg2 b6 38. Kf3 Rc6 39. Rd1 Ke7 40. Bb4+ Ke6 41. Rd8 Rc4 42. Bc3 Nh4+ 43. Kg3 g5 44. Bd2 Nf5+ 45. Kg2 g4 46. Rb8 Rc6 47. h3 gxh3+ 48. Kxh3 b5 49. Bc3 Rd6 50. Kg2 Kf7 51. Kf3 Re6 52. Rh8 Kg6 53. Rg8+ Kh7 54. Rd8 Ne7 55. Re8 Kg6 56. Bb4 Kf7 57. Rh8 Nc6 58. Bc5 Kg6 59. f5+ Kxf5 60. Rxh5+ Kg6 61. Rh8 Ne5+ 62. Kg3 Nd3 63. Bd4 Rd6 64. Rh4 Ne5 1/2-1/2

[Event "RUS-chT2"]
[Site "Sochi"]
[Date "2016.05.08"]
[Round "7.4"]
[White "Yevseev, Denis"]
[Black "Kryakvin, Dmitry"]
[Result "1/2-1/2"]
[WhiteElo "2526"]
[BlackElo "2532"]
[PlyCount "171"]
[EventDate "2016.05.01"]
[EventType "team-swiss"]
[EventRounds "9"]
[EventCountry "RUS"]
[SourceTitle "CBM 172 Extra"]
[Source "ChessBase"]
[SourceDate "2016.06.21"]
[SourceVersion "1"]
[SourceVersionDate "2016.06.21"]
[SourceQuality "1"]
[WhiteTeam "St Petersburg Peter's Boat"]
[BlackTeam "Yekaterinburg Malachite"]
[WhiteTeamCountry "RUS"]
[BlackTeamCountry "RUS"]

1. Nf3 g6 2. d4 Bg7 3. c4 d6 4. Nc3 c5 5. dxc5 Bxc3+ 6. bxc3 dxc5 7. Qxd8+ Kxd8 8. h4 Nf6 9. Ne5 Be6 10. Rb1 Nfd7 11. Nxd7 Nxd7 12. h5 Bxc4 13. Rxb7 Bxa2 14. hxg6 fxg6 15. e4 c4 16. Bf4 Bb3 17. Be2 a5 18. Bg4 Nc5 19. Bc7+ Ke8 20. Rb5 Nd3+ 21. Ke2 a4 22. Be6 a3 23. Ke3 a2 24. f4 Kf8 25. Ra1 Kg7 26. Rxb3 cxb3 27. Bxb3 Rhc8 28. Rxa2 Rxa2 29. Bxa2 Rxc7 30. Kxd3 Rd7+ 31. Ke3 Rd6 32. e5 Ra6 33. Bd5 e6 34. Be4 Ra4 35. Kd3 Kf7 36. c4 Ke7 37. c5 Ra1 38. c6 Rc1 39. Kd2 Rc5 40. Ke3 Kd8 41. g4 Kc7 42. Kd4 Rc1 43. f5 gxf5 44. gxf5 exf5 45. Bxf5 h5 46. e6 Kd6 47. Ke4 Rxc6 48. Kf4 Rc5 49. Bh3 Ke7 50. Kg3 Kf6 51. Kh4 Kg6 52. Bg2 Re5 53. Bf3 Kh6 54. e7 Rxe7 55. Bxh5 Re4+ 56. Bg4 Rf4 57. Kg3 Kg5 58. Bc8 Rf7 59. Be6 Re7 60. Bd5 Re3+ 61. Kf2 Kf4 62. Bb7 Re7 63. Bc6 Rc7 64. Bd5 Rd7 65. Bc6 Rd2+ 66. Kf1 Ke3 67. Bb7 Rf2+ 68. Kg1 Ke2 69. Bg2 Rf4 70. Bb7 Rf7 71. Bc6 Rc7 72. Bd5 Rc5 73. Bb7 Rg5+ 74. Kh2 Ke3 75. Kh3 Kf4 76. Kh2 Rg3 77. Bc6 Kg4 78. Bb7 Kh4 79. Bc6 Rg6 80. Bb7 Rb6 81. Bd5 Rb5 82. Bc6 Rg5 83. Bb7 Rg3 84. Bc6 Rc3 85. Bb7 Kg4 86. Kg2 1/2-1/2

[Event "Schwarzach op 30th"]
[Site "Schwarzach"]
[Date "2015.08.27"]
[Round "7"]
[White "Zelcic, Robert"]
[Black "Yevseev, Denis"]
[Result "1-0"]
[WhiteElo "2501"]
[BlackElo "2515"]
[PlyCount "67"]
[EventDate "2015.08.22"]
[EventType "swiss"]
[EventRounds "9"]
[EventCountry "AUT"]
[SourceTitle "EXT 2016"]
[Source "ChessBase"]
[SourceDate "2015.10.08"]
[SourceVersion "1"]
[SourceVersionDate "2015.10.08"]
[SourceQuality "1"]

1. e4 c6 2. d4 d5 3. Nc3 dxe4 4. Nxe4 Bf5 5. Ng3 Bg6 6. h4 h6 7. Nf3 Nd7 8. h5 Bh7 9. Bd3 Bxd3 10. Qxd3 e6 11. Bd2 Qc7 12. 0-0-0 0-0-0 13. Ne4 Ngf6 14. g3 Nxe4 15. Qxe4 Bd6 16. c4 c5 17. Bc3 Nf6 18. Qe2 cxd4 19. Rxd4 Qc5 20. Rhd1 Bc7 21. g4 Rxd4 22. Bxd4 Qa5 23. Ne5 Qxa2 24. Nxf7 Re8 25. Bc3 Kb8 26. g5 hxg5 27. h6 Rc8 28. hxg7 Bf4+ 29. Kc2 Rxc4 30. Rd8+ Kc7 31. Qd3 Kb6 32. Rd4 Rc5 33. Rb4+ Kc6 34. g8Q 1-0

[Event "Schwarzach op 30th"]
[Site "Schwarzach"]
[Date "2015.08.26"]
[Round "6"]
[White "Yevseev, Denis"]
[Black "Palac, Mladen"]
[Result "1/2-1/2"]
[WhiteElo "2515"]
[BlackElo "2576"]
[PlyCount "29"]
[EventDate "2015.08.22"]
[EventType "swiss"]
[EventRounds "9"]
[EventCountry "AUT"]
[SourceTitle "EXT 2016"]
[Source "ChessBase"]
[SourceDate "2015.10.08"]
[SourceVersion "1"]
[SourceVersionDate "2015.10.08"]
[SourceQuality "1"]

1. Nf3 d5 2. d4 Nf6 3. c4 e6 4. g3 Bb4+ 5. Bd2 Be7 6. Bg2 0-0 7. 0-0 c6 8. Qc2 Nbd7 9. Rd1 b6 10. Bf4 Ba6 11. b3 Rc8 12. Nc3 Nh5 13. Bc1 Nhf6 14. Bf4 Nh5 15. Bc1 1/2-1/2

[Event "Schwarzach op 30th"]
[Site "Schwarzach"]
[Date "2015.08.25"]
[Round "5"]
[White "Yevseev, Denis"]
[Black "Kunin, Vitaly L"]
[Result "1-0"]
[WhiteElo "2515"]
[BlackElo "2571"]
[PlyCount "113"]
[EventDate "2015.08.22"]
[EventType "swiss"]
[EventRounds "9"]
[EventCountry "AUT"]
[SourceTitle "EXT 2016"]
[Source "ChessBase"]
[SourceDate "2015.10.08"]
[SourceVersion "1"]
[SourceVersionDate "2015.10.08"]
[SourceQuality "1"]

1. Nf3 Nf6 2. c4 Nc6 3. d4 e6 4. g3 d6 5. Bg2 g6 6. 0-0 Bg7 7. Nc3 0-0 8. b3 Bd7 9. Bb2 a6 10. Rc1 b5 11. d5 Ne7 12. dxe6 fxe6 13. cxb5 axb5 14. b4 Kh8 15. Nd4 Rb8 16. Qd3 Ng4 17. Nf3 Nc6 18. Nd1 e5 19. a3 Nf6 20. Qb3 Qe7 21. Ne3 Rbc8 22. Nd5 Nxd5 23. Qxd5 Nd8 24. Nd2 Ne6 25. Qd3 Ng5 26. Kh1 Nh3 27. Qe3 Ng5 28. f4 Nf7 29. Qd3 c5 30. bxc5 dxc5 31. e4 c4 32. Qe3 Bc6 33. a4 Rfd8 34. axb5 Bxb5 35. Bc3 Kg8 36. f5 Bh6 37. Qb6 Bxd2 38. fxg6 Nd6 39. gxh7+ Qxh7 40. Bxd2 c3 41. Bxc3 Bxf1 42. Rxf1 Qe7 43. Bb4 Qe6 44. Qe3 Nf7 45. Qf3 Rd7 46. Qh5 Rcc7 47. Bh3 Qa6 48. Qg4+ Kh8 49. Bf8 Nh6 50. Qg5 Rf7 51. Bg7+ Rxg7 52. Rf8+ Ng8 53. Qh5+ Rh7 54. Qxe5+ Rhg7 55. Rxg8+ Kxg8 56. Qe8+ Kh7 57. Bf5+ 1-0

[Event "Schwarzach op 30th"]
[Site "Schwarzach"]
[Date "2015.08.23"]
[Round "3"]
[White "Yevseev, Denis"]
[Black "Kovacevic, Blazimir"]
[Result "1-0"]
[WhiteElo "2515"]
[BlackElo "2481"]
[PlyCount "97"]
[EventDate "2015.08.22"]
[EventType "swiss"]
[EventRounds "9"]
[EventCountry "AUT"]
[SourceTitle "EXT 2016"]
[Source "ChessBase"]
[SourceDate "2015.10.08"]
[SourceVersion "1"]
[SourceVersionDate "2015.10.08"]
[SourceQuality "1"]

1. Nf3 d5 2. d4 Nf6 3. c4 e6 4. g3 Bb4+ 5. Bd2 Be7 6. Bg2 0-0 7. 0-0 c6 8. Qc2 Nbd7 9. Rd1 b6 10. Bf4 Bb7 11. Nc3 dxc4 12. Nd2 Nd5 13. Nxc4 Nxf4 14. gxf4 Qc7 15. e3 Rad8 16. Rab1 c5 17. d5 exd5 18. Bxd5 Nf6 19. Bxb7 Qxb7 20. a4 g6 21. Rxd8 Rxd8 22. Rd1 Qc8 23. Rxd8+ Bxd8 24. Qd1 Be7 25. Qf3 Kg7 26. Kg2 Qe6 27. b3 Qd7 28. h3 Qd3 29. e4 Qc2 30. e5 Nh5 31. Nd5 Bh4 32. Nd6 Qd2 33. Ne3 Be7 34. Ndc4 Qd7 35. f5 Bf8 36. Qe4 Qd8 37. Kf1 Qd4 38. f6+ Kg8 39. Qxd4 cxd4 40. Nd5 g5 41. Nd6 h6 42. Ke2 Kh7 43. Kd3 Kg6 44. Ne7+ Kh7 45. Kxd4 Nf4 46. Nxf7 Nxh3 47. Nd8 Nf4 48. Ke4 h5 49. Nf7 1-0

[Event "Vladimir Petrov Memorial blitz op"]
[Site "Jurmala"]
[Date "2015.03.06"]
[Round "3"]
[White "Fedoseev, Vladimir1111"]
[Black "Yevseev, Denis"]
[Result "0-1"]
[WhiteElo "2674"]
[BlackElo "2515"]
[PlyCount "92"]
[EventDate "2015.03.06"]
[EventType "swiss (blitz)"]
[EventRounds "10"]
[EventCountry "LAT"]
[SourceTitle "CBM 165 Extra"]
[Source "ChessBase"]
[SourceDate "2015.04.21"]
[SourceVersion "1"]
[SourceVersionDate "2015.04.21"]
[SourceQuality "1"]

1. Nf3 d5 2. g3 Nf6 3. Bg2 c6 4. d3 Bf5 5. 0-0 e6 6. Qe1 h6 7. Nc3 Be7 8. e4 Bh7 9. h4 0-0 10. e5 Nfd7 11. Bf4 c5 12. Qd2 Nc6 13. Rae1 Re8 14. Nb5 a6 15. Na3 b5 16. c3 b4 17. Nc2 bxc3 18. bxc3 Rb8 19. Ne3 Bf8 20. g4 Nb6 21. Rd1 d4 22. Nc4 dxc3 23. Qxc3 Nd5 24. Qc1 Na5 25. Bg3 Qc7 26. Nd6 Red8 27. h5 Nb4 28. Qa3 Nb7 29. Nxb7 Rxb7 30. g5 Rxd3 31. Rxd3 Bxd3 32. Rc1 hxg5 33. Ne1 Bf5 34. Bxb7 Qxb7 35. Qb3 Qe4 36. a3 Nd5 37. Ng2 Bh3 38. Ne1 Bg4 39. Qc4 Qf5 40. Qxa6 Bxh5 41. Qd3 Qg4 42. Rc4 Nf4 43. Qe4 Bg6 44. Qf3 Nh3+ 45. Kg2 Qxc4 46. a4 Be4 0-1

[Event "Vladimir Petrov Memorial blitz op"]
[Site "Jurmala"]
[Date "2015.03.06"]
[Round "9"]
[White "Popov, Valerij"]
[Black "Yevseev, Denis"]
[Result "0-1"]
[WhiteElo "2555"]
[BlackElo "2515"]
[PlyCount "97"]
[EventDate "2015.03.06"]
[EventType "swiss (blitz)"]
[EventRounds "10"]
[EventCountry "LAT"]
[SourceTitle "CBM 165 Extra"]
[Source "ChessBase"]
[SourceDate "2015.04.21"]
[SourceVersion "1"]
[SourceVersionDate "2015.04.21"]
[SourceQuality "1"]

1. c4 c6 2. Nf3 d5 3. e3 Nf6 4. d4 Bf5 5. Nh4 Be4 6. Nd2 e6 7. Qb3 Qc7 8. Be2 Be7 9. 0-0 Nbd7 10. Nxe4 dxe4 11. g3 c5 12. Bd2 0-0 13. Rfd1 Rfd8 14. Rac1 Nf8 15. Bc3 Ng6 16. Ng2 h6 17. a3 b6 18. Qc2 a5 19. Qa4 Rac8 20. b4 axb4 21. axb4 cxb4 22. Bxb4 Bxb4 23. Qxb4 e5 24. Rb1 exd4 25. exd4 Rb8 26. Ne3 Ne7 27. Rd2 h5 28. h4 g6 29. d5 Qe5 30. Rbd1 Nf5 31. Nxf5 Qxf5 32. Qc3 Nd7 33. d6 Nc5 34. Rd5 Qe6 35. Qe3 Rd7 36. Qf4 Rbd8 37. g4 hxg4 38. Bxg4 f5 39. Bh3 Nd3 40. Qg5 Rxd6 41. Bxf5 Qf7 42. h5 Rxd5 43. cxd5 Rxd5 44. Qxg6+ Qxg6+ 45. Bxg6 Rg5+ 46. Kf1 Nc5 47. Rd6 b5 48. h6 Nb7 49. Rb6 0-1

[Event "Vladimir Petrov Memorial blitz op"]
[Site "Jurmala"]
[Date "2015.03.06"]
[Round "7"]
[White "Shirov, Alexei"]
[Black "Yevseev, Denis"]
[Result "0-1"]
[WhiteElo "2691"]
[BlackElo "2515"]
[PlyCount "80"]
[EventDate "2015.03.06"]
[EventType "swiss (blitz)"]
[EventRounds "10"]
[EventCountry "LAT"]
[SourceTitle "CBM 165 Extra"]
[Source "ChessBase"]
[SourceDate "2015.04.21"]
[SourceVersion "1"]
[SourceVersionDate "2015.04.21"]
[SourceQuality "1"]

1. d4 d5 2. c4 c6 3. Nf3 Nf6 4. e3 Bf5 5. Nc3 e6 6. Nh4 Be4 7. f3 Bg6 8. Qb3 Qc7 9. Bd2 Be7 10. Rc1 dxc4 11. Bxc4 Nbd7 12. 0-0 Bh5 13. g4 Bg6 14. Ng2 Bd6 15. Nf4 Bxf4 16. exf4 0-0 17. Kg2 Rad8 18. h4 h5 19. f5 exf5 20. g5 Ne8 21. Ne2 Nb6 22. Be3 Nd6 23. Bd3 f4 24. Bxg6 fxe3 25. Bxh5 Nf5 26. g6 Rxd4 27. gxf7+ Kh8 28. Bg4 Rd2 29. f4 Nd5 30. Bxf5 Rxe2+ 31. Kf3 Rd2 32. Qc4 Qxf7 33. Bg4 Qxf4+ 34. Qxf4 Rxf4+ 35. Kg3 Rxf1 36. Rxf1 Rxb2 37. Rf8+ Kh7 38. h5 Nf6 39. Bf5+ Kh6 40. Kf4 Rf2+ 0-1

[Event "Vladimir Petrov Memorial blitz op"]
[Site "Jurmala"]
[Date "2015.03.06"]
[Round "6"]
[White "Yevseev, Denis"]
[Black "Ehlvest, Jaan"]
[Result "1/2-1/2"]
[WhiteElo "2515"]
[BlackElo "2547"]
[PlyCount "116"]
[EventDate "2015.03.06"]
[EventType "swiss (blitz)"]
[EventRounds "10"]
[EventCountry "LAT"]
[SourceTitle "CBM 165 Extra"]
[Source "ChessBase"]
[SourceDate "2015.04.21"]
[SourceVersion "1"]
[SourceVersionDate "2015.04.21"]
[SourceQuality "1"]

1. d4 Nf6 2. c4 e6 3. g3 c5 4. Nf3 cxd4 5. Nxd4 d5 6. Bg2 e5 7. Nf3 d4 8. 0-0 Nc6 9. e3 Be7 10. exd4 exd4 11. Bf4 0-0 12. Ne5 Qb6 13. Qb3 Nd8 14. Na3 Qxb3 15. axb3 Ne6 16. Nb5 a6 17. Rfd1 Rd8 18. Nf3 Nxf4 19. gxf4 d3 20. Ne5 Rb8 21. Nc3 Bf5 22. Nd5 Nxd5 23. Bxd5 Bf6 24. Bxf7+ Kf8 25. Bd5 Bxe5 26. fxe5 g5 27. Rd2 Ke7 28. Re1 Rd7 29. e6 Rd6 30. Re5 Kf6 31. Re3 Re8 32. f3 Re7 33. Kf2 a5 34. Kg3 Rb6 35. c5 Rb5 36. Bc4 Rxc5 37. Bxd3 Rd5 38. Rd1 h5 39. h4 gxh4+ 40. Kxh4 Rd4+ 41. Kg3 h4+ 42. Kf2 b6 43. Rd2 Rxe6 44. Rxe6+ Bxe6 45. Ke3 Rb4 46. Bc2 Bxb3 47. Bxb3 Rxb3+ 48. Kf4 Rb4+ 49. Ke3 Kf5 50. Rd5+ Ke6 51. Rd2 Ke5 52. Rc2 Rb3+ 53. Kf2 a4 54. Rc4 Rxb2+ 55. Ke3 Rb3+ 56. Kf2 b5 57. Rxh4 a3 58. Rh5+ Kd4 1/2-1/2

[Event "Vladimir Petrov Memorial blitz op"]
[Site "Jurmala"]
[Date "2015.03.06"]
[Round "4"]
[White "Yevseev, Denis"]
[Black "Kazakouski, Valery"]
[Result "1-0"]
[WhiteElo "2515"]
[BlackElo "2357"]
[PlyCount "111"]
[EventDate "2015.03.06"]
[EventType "swiss (blitz)"]
[EventRounds "10"]
[EventCountry "LAT"]
[SourceTitle "CBM 165 Extra"]
[Source "ChessBase"]
[SourceDate "2015.04.21"]
[SourceVersion "1"]
[SourceVersionDate "2015.04.21"]
[SourceQuality "1"]

1. Nf3 Nf6 2. c4 b6 3. g3 e6 4. Bg2 Bb7 5. 0-0 c5 6. Nc3 Be7 7. Re1 0-0 8. e4 d6 9. d4 cxd4 10. Nxd4 Qc8 11. Be3 a6 12. Rc1 Nbd7 13. f4 Qc7 14. g4 Rfd8 15. g5 Ne8 16. f5 Nf8 17. Qg4 Bc8 18. f6 Bxf6 19. gxf6 Nxf6 20. Qg3 Bb7 21. Bg5 Ng6 22. Bxf6 gxf6 23. Qf2 Qc5 24. Rf1 Rf8 25. Kh1 Rac8 26. Qxf6 Qxc4 27. Nce2 Qd3 28. Rxc8 Bxc8 29. Nf4 Qd2 30. Nxg6 hxg6 31. Nf3 Qh6 32. Ng5 Qg7 33. Qe7 a5 34. Qxd6 Qxb2 35. e5 Ba6 36. Rg1 Qxa2 37. Ne4 Kg7 38. Qe7 Qc2 39. Qf6+ Kg8 40. Ng5 Qf5 41. Qxf5 exf5 42. Rb1 b5 43. Bd5 Kg7 44. Kg2 Rd8 45. Bxf7 Rd2+ 46. Kg3 Rd3+ 47. Kf4 Rd4+ 48. Ke3 Rg4 49. h4 Rxh4 50. Bd5 Rg4 51. Ne6+ Kg8 52. Nc5+ Kf8 53. Nxa6 b4 54. Rc1 Ke7 55. Rc7+ Kd8 56. e6 1-0